Memorias /
Kaydedildi:
| Yazar: | |
|---|---|
| Materyal Türü: | Kitap |
| Dil: | Spanish |
| Baskı/Yayın Bilgisi: |
México :
Fondo de Cultura Económica,
1982.
|
| Seri Bilgileri: | Letras mexicanas
|
| Konular: | |
| Etiketler: |
Etiketle
Etiket eklenmemiş, İlk siz ekleyin!
|
MARC
| LEADER | 00000nam a2200000 i 4500 | ||
|---|---|---|---|
| 001 | CSIC000366247 | ||
| 005 | 20150528080615.0 | ||
| 008 | 930309s1982 mex 000 0 spa d | ||
| 020 | |a 9681610008 | ||
| 040 | |a ES-MaCSI |b spa |c VL |d CRU CIICLA-UCR | ||
| 041 | |a spa | ||
| 082 | |b V331m |a 972.08 | ||
| 100 | 1 | |a Vasconcelos, José |d 1881-1959 | |
| 245 | 1 | 0 | |a Memorias / |c José Vasconcelos. |
| 260 | |a México : |b Fondo de Cultura Económica, |c 1982. | ||
| 300 | |a 2 volumenes | ||
| 490 | 0 | |a Letras mexicanas | |
| 505 | 0 | 0 | |a Volumen1: Ulises Criollo, La Tormenta; Volumen 2: El Desastre, El Proconsulado. |
| 600 | 1 | 4 | |a VASCONCELOS, JOSE |d 1881-1959 |
| 650 | 1 | 4 | |a ESTADISTAS |v BIOGRAFIAS |z MEXICO |
| 650 | 1 | 4 | |a AUTORES MEXICANOS |v BIOGRAFIAS |y SIGLO XX |
| 650 | 1 | 4 | |a FILOSOFOS MEXICANOS |v BIOGRAFIAS |y SIGLO XX |
| 942 | |2 ddc |c BK | ||
| 999 | |c 4196 |d 4196 | ||



